000 03955cam a22006254i 4500
003 PE-LiUPU
005 20250731173047.0
008 170313s2017 enka rb 000 0deng d
020 _a9781783682522
_q(pbk.)
035 _a(Sirsi) i9781783682522
035 _a(OCoLC)984749428
_z(OCoLC)973910290
_z(OCoLC)974031384
_z(OCoLC)974304877
_z(OCoLC)974468813
_z(OCoLC)974562935
_z(OCoLC)974682229
040 _aNLE
_bspa
_erda
_cNLE
_dOCLCO
_dOCLCF
_dYDX
_dDTM
_dOCLCQ
_dPE-LiUPU
049 _aPRUA
050 4 _aBV3269.B35
_bN87 2017
066 _c$1
082 0 4 _a275.4082092
_bN98
_223
100 1 _aNuthalapati, B. E. Bharathi,
_eautor.
245 1 0 _aBrother Bakht Singh :
_btheologian and father of the Independent Indian Christian Church movement /
_cB.E. Bharathi Nuthalapati.
264 1 _aCarlisle :
_bLangham Monographs,
_c2017.
300 _axvi, 239 páginas :
_bilustraciones ;
_c23 centímetros
336 _atext
_2rdacontent
337 _aunmediated
_2rdamedia
338 _avolume
_2rdacarrier
504 _aBibliografía : páginas 227-239.
505 0 _aHide Level Chapter 1 Introduction -- History of Scholarship -- Sources and Methodology -- Structure -- Hide Level Chapter 2 Bakht Singh and the Beginning of the Assemblies -- Biographical Details of Bakht Singh (6 June 1903 � 17 September 2000) -- The Process of Making Christianity Indian -- The Situation of the Denominational Churches in the 1930s and 1940s -- The Beginning of the Assemblies -- Assemblies -- The Spread of the Movement -- Hide Level Chapter 3 The Phenomenon of Spiritual Life Churches -- New Testament Pattern -- Common Characteristics -- Spiritual Life Church Movements -- Commonalities between Austin-Sparks, Watchman Nee and Bakht Singh -- Hide Level Chapter 4 The Ecclesiology of Bakht Singh -- The Nature of the Church -- The Unity of the Church -- Practices in the Assembly -- Worship and Church Order -- Government and Organization of the Assemblies -- Hide Level Chapter 5 Sikh Antecedents of Bakht Singh: Their Influence on the Teaching and Practices of the Assemblies -- Religious Background of Bakht Singh -- Main Tenets in Sikhism -- Similar Concepts -- Similar Practices -- Hide Level Chapter 6 The Bhakti Theology of Bakht Singh -- Sources of Authority: Pramanas -- Hermeneutics -- Bhakti -- Sikhism and Bhakti -- The Bhakti Theology of Bakht Singh -- The Indian Christian Bhakti Movement -- Hide Level Chapter 7 Religious Culture of the Assemblies and Its Impact on Christianity in India -- Special Features -- Impact of Bakht Singh on Christianity in India -- Foreigners as Coworker
526 _aSEG42
526 _aSEG41
526 _aSEG40
526 _aSEG39
526 _aP94
526 _aP87
526 _aP86
526 _aP85
526 _aP77
526 _aP76
526 _aP35
600 0 4 _aBakht Singh,
_cHermano,
_d1903-2000.
600 0 0 _aBakht Singh,
_cBrother,
_d1903-2000.
600 0 7 _aBakht Singh,
_cBrother,
_d1903-2000.
_2fast
_0(OCoLC)fst01579476
648 7 _a1900-1999
_2fast
650 4 _aCristianos convertidos del sijismo.
650 0 _aChristian converts from Sikhism.
650 7 _aChristian converts from Sikhism.
_2fast
_0(OCoLC)fst00858972
651 0 _aIndia
_xHistoria de la iglesia
_ySiglo 20.
651 0 _aIndia
_xChurch history
_y20th century.
651 7 _aIndia.
_2fast
_0(OCoLC)fst01210276
655 7 _aChurch history.
_2fast
_0(OCoLC)fst01411629
910 _adbm
_bjpc
_cjpc
_d20171201
942 _2ddc
_cBOOK
949 _a275.4082092 N98
_wDEWEY
_c1
_i77365
_lCATALOGING
_mBUL
_p21.00
_r0
_sY
_tBOOK
_u2017-12-11
_xPOSGRADO
_PP85
_0DONACION
_o.STAFF. Colección Teología
994 _aC0
_bPEPRU
596 _a1
999 _a275.4082092 N98
_wDEWEY
_c26495
_i77365
_f2021-11-11
_g4
_lCCODEBUL1
_mBUL
_p21.00
_r0
_sY
_tBOOK
_u2017-12-11
_xTEOLOGIA
_PP85
_0DONACION
_o.STAFF. Colección Teología
_d26495
980 _81
_gALBERTO SANCHEZ Responsable de Automatización